Fotografische Atmosphären : Rhetoriken des Unbestimmten in der zeitgenössischen Kunst

Saved in:
Bibliographic Details
Main Author: Becker, Ilka (Author)
Other Authors: Sykora, Katharina (Betreuerin der Diss.)
Document Type: Thesis Book
Language:German
Published: München ; Paderborn : Fink , 2010
Subjects:
Online Access:Inhaltsverzeichnis
Rezension
Klappentext
Rezension
Rezension
Rezension
Klappentext
Related Items:Erscheint auch als: Fotografische Atmosphären
Rezensiert in: [Rezension von: Ilka Becker, Fotografische Atmosphären. Rhetoriken des Unbestimmten in der zeitgenössischen Kunst]
Author Notes:Ilka Becker
LEADER 05612cam a2200997 c 4500
001 566601176
003 DE-627
005 20260615230911.0
007 tu
008 080522s2010 gw ||||| m 00| ||ger c
010 |a  2010546060 
015 |a 08,N22,1452  |2 dnb 
015 |a 08,N22,1452  |2 dnb 
016 7 |a 988602768  |2 DE-101 
020 |a 9783770547074  |q Kt. : ca. sfr 49.90 (freier Pr.), ca. EUR 29.90  |9 978-3-7705-4707-4 
024 3 |a 9783770547074 
035 |a (DE-627)566601176 
035 |a (DE-603)211625582 
035 |a (DE-576)282612289 
035 |a (DE-599)DNB988602768 
035 |a (OCoLC)1371975465 
035 |a (OCoLC)254759152 
035 |a (OCoLC)247883515 
040 |a DE-627  |b ger  |c DE-627  |e rakwb 
041 |a ger 
044 |c XA-DE-NW 
050 0 |a TR642 
082 0 |a 700  |q BSZ 
082 0 4 |a 770  |a 700  |q DNB 
084 |a 9,11  |2 ssgn 
084 |a AP 94850  |2 rvk  |0 (DE-625)rvk/8156: 
084 |a AP 94800  |2 rvk  |0 (DE-625)rvk/8155: 
084 |a AP 94700  |2 rvk  |0 (DE-625)rvk/8153: 
084 |a 20.06  |2 bkl 
084 |a 21.40  |2 bkl 
100 1 |a Becker, Ilka  |0 (DE-588)115192549  |0 (DE-627)564808148  |0 (DE-576)28982172X  |4 aut 
245 1 0 |a Fotografische Atmosphären  |b Rhetoriken des Unbestimmten in der zeitgenössischen Kunst  |c Ilka Becker 
264 1 |a München  |a Paderborn  |b Fink  |c 2010 
300 |a 215 S.  |b Ill.  |c 24 cm 
336 |a Text  |b txt  |2 rdacontent 
337 |a ohne Hilfsmittel zu benutzen  |b n  |2 rdamedia 
338 |a Band  |b nc  |2 rdacarrier 
500 |a Literaturverzeichnis Seite 190 – 209 
502 |a Teilw. zugl.: Braunschweig, Hochschule für Bildende Künste, Diss., 2005 
650 0 |a Photography, Artistic 
650 0 |a Aesthetics 
650 0 7 |0 (DE-588)4045895-7  |0 (DE-627)104434880  |0 (DE-576)209067160  |a Fotografie  |2 gnd 
650 0 7 |0 (DE-588)4132569-2  |0 (DE-627)105686727  |0 (DE-576)209636661  |a Bildbetrachtung  |2 gnd 
650 0 7 |0 (DE-588)4059787-8  |0 (DE-627)106142275  |0 (DE-576)209132256  |a Theorie  |2 gnd 
655 7 |a Hochschulschrift  |0 (DE-588)4113937-9  |0 (DE-627)105825778  |0 (DE-576)209480580  |2 gnd-content 
689 0 0 |d s  |0 (DE-588)4045895-7  |0 (DE-627)104434880  |0 (DE-576)209067160  |a Fotografie  |2 gnd 
689 0 1 |d s  |0 (DE-588)4132569-2  |0 (DE-627)105686727  |0 (DE-576)209636661  |a Bildbetrachtung  |2 gnd 
689 0 |5 DE-101 
689 1 0 |d s  |0 (DE-588)4045895-7  |0 (DE-627)104434880  |0 (DE-576)209067160  |a Fotografie  |2 gnd 
689 1 1 |d s  |0 (DE-588)4132569-2  |0 (DE-627)105686727  |0 (DE-576)209636661  |a Bildbetrachtung  |2 gnd 
689 1 |5 (DE-627) 
689 2 0 |d s  |0 (DE-588)4045895-7  |0 (DE-627)104434880  |0 (DE-576)209067160  |a Fotografie  |2 gnd 
689 2 1 |d s  |0 (DE-588)4059787-8  |0 (DE-627)106142275  |0 (DE-576)209132256  |a Theorie  |2 gnd 
689 2 |5 (DE-627) 
700 1 |a Sykora, Katharina  |d 1955-  |e Betreuerin der Diss.  |0 (DE-588)139423672  |0 (DE-627)610548395  |0 (DE-576)163255865  |4 oth 
751 |a Braunschweig  |0 (DE-588)4008065-1  |0 (DE-627)106370030  |0 (DE-576)208874119  |4 uvp 
776 0 8 |i Erscheint auch als  |n Online-Ausgabe  |a Becker, Ilka  |t Fotografische Atmosphären  |d München : Fink, 2010  |h 1 Online-Ressource (215 S.)  |w (DE-627)1656611864  |w (DE-576)494676876  |z 9783770547074 
787 0 8 |i Rezensiert in  |a Streitberger, Alexander, 1971 -   |t [Rezension von: Ilka Becker, Fotografische Atmosphären. Rhetoriken des Unbestimmten in der zeitgenössischen Kunst]  |d 2011  |w (DE-627)1806957426 
856 4 2 |u http://www.gbv.de/dms/weimar/toc/566601176_toc.pdf  |m V:DE-601  |m B:DE-Wim2  |q pdf/application  |x Verlag  |y Inhaltsverzeichnis  |3 Inhaltsverzeichnis  |7 1 
856 4 2 |u https://swbplus.bsz-bw.de/bsz282612289rez.htm  |m B:DE-576;DE-16  |q application/pdf  |v 20111004115732  |x Verlag  |3 Rezension  |7 1 
856 4 2 |u http://bvbr.bib-bvb.de:8991/F?func=service&doc_library=BVB01&doc_number=017974644&line_number=0002&func_code=DB_RECORDS&service_type=MEDIA  |m V:DE-604  |q application/pdf  |3 Klappentext  |7 1 
856 4 2 |u http://www.sehepunkte.de/2011/09/19255.html  |m V:DE-576;X:Sehepunkte  |q text/html  |v 20180413100618  |3 Rezension  |7 1 
856 4 2 |u https://scans.hebis.de/HEBCGI/show.pl?21162558_rez.pdf  |m V:DE-576;B:DE-16  |q application/pdf  |3 Rezension  |7 1 
856 4 2 |u http://swbplus.bsz-bw.de/bsz282612289rez.htm  |m DE-576;DE-16  |q application/pdf  |3 Rezension  |7 1 
856 4 2 |u http://bvbr.bib-bvb.de:8991/F?func=service&doc%5Flibrary=BVB01&doc%5Fnumber=017974644&line%5Fnumber=0002&func%5Fcode=DB%5FRECORDS&service%5Ftype=MEDIA  |m V:DE-604  |q application/pdf  |3 Klappentext  |7 1 
935 |i Blocktest 
936 r v |a AP 94850  |b Fotografie als Kunst  |k Allgemeines  |k Medien- und Kommunikationswissenschaften, Medienkulturwissenschaft, Kommunikationsdesign  |k Fotografie  |k Grundbegriffe, Ästhetik  |k Fotografie als Kunst  |0 (DE-627)1270635913  |0 (DE-625)rvk/8156:  |0 (DE-576)200635913 
936 r v |a AP 94800  |b Ästhetische Fragen  |k Allgemeines  |k Medien- und Kommunikationswissenschaften, Medienkulturwissenschaft, Kommunikationsdesign  |k Fotografie  |k Grundbegriffe, Ästhetik  |k Ästhetische Fragen  |0 (DE-627)1270694332  |0 (DE-625)rvk/8155:  |0 (DE-576)200694332 
936 r v |a AP 94700  |b Theorie  |k Allgemeines  |k Medien- und Kommunikationswissenschaften, Medienkulturwissenschaft, Kommunikationsdesign  |k Fotografie  |k Grundbegriffe, Ästhetik  |k Theorie  |0 (DE-627)1270694316  |0 (DE-625)rvk/8153:  |0 (DE-576)200694316 
936 b k |a 20.06  |j Kunstphilosophie  |j Kunsttheorie  |0 (DE-627)10641433X 
936 b k |a 21.40  |j Photographie: Allgemeines  |0 (DE-627)10640573X 
936 s n |a l300  |2 mzub 
951 |a BO 
990 |a Fotografie 
990 |a Bildbetrachtung 
990 |a Fotografie 
990 |a Bildbetrachtung 
990 |a Fotografie 
990 |a Theorie 
991 |a Rezensiertes Werk 
999 |a KXP-PPN566601176  |e 4156900959